La cartographie et la morphologie de la Péninsule du Sinaï

محفوظ في:

المؤلف الرئيسي: Hassan Awad

التنسيق: كتاب

اللغة: Undetermined

منشور في: Le Caire Soc. Roy. de Géographie, 1951

الوسوم: إضافة وسم

لا توجد وسوم, كن أول من يضع وسما على هذه التسجيلة!

رقم الطلب: (P)QE328 .A91

LEADER 00349nam a2200121Ia 4500
008 240503s9999||||xx |||||||||||||| ||und||
050 4 |a (P)QE328 .A91 
100 1 |a Hassan Awad 
245 1 0 |a La cartographie et la morphologie de la Péninsule du Sinaï  
264 1 |a Le Caire  |b Soc. Roy. de Géographie,  |c 1951 
300 |a 31  |c 24 
942 |2 lcc  |c PT 
999 |c 58267  |d 58267